<?xml version="1.0" encoding="UTF-8"?><?xml-stylesheet type="text/xsl" href="static/style.xsl"?><OAI-PMH xmlns="http://www.openarchives.org/OAI/2.0/" xmlns:xsi="http://www.w3.org/2001/XMLSchema-instance" xsi:schemaLocation="http://www.openarchives.org/OAI/2.0/ http://www.openarchives.org/OAI/2.0/OAI-PMH.xsd"><responseDate>2026-04-14T15:35:52Z</responseDate><request verb="GetRecord" identifier="oai:uvadoc.uva.es:10324/79331" metadataPrefix="marc">https://uvadoc.uva.es/oai/request</request><GetRecord><record><header><identifier>oai:uvadoc.uva.es:10324/79331</identifier><datestamp>2025-11-05T20:04:01Z</datestamp><setSpec>com_10324_38</setSpec><setSpec>col_10324_852</setSpec></header><metadata><record xmlns="http://www.loc.gov/MARC21/slim" xmlns:doc="http://www.lyncode.com/xoai" xmlns:xsi="http://www.w3.org/2001/XMLSchema-instance" xmlns:dcterms="http://purl.org/dc/terms/" xsi:schemaLocation="http://www.loc.gov/MARC21/slim http://www.loc.gov/standards/marcxml/schema/MARC21slim.xsd">
<leader>00925njm 22002777a 4500</leader>
<datafield tag="042" ind1=" " ind2=" ">
<subfield code="a">dc</subfield>
</datafield>
<datafield tag="720" ind1=" " ind2=" ">
<subfield code="a">Pérez Mata, Rodrigo</subfield>
<subfield code="e">author</subfield>
</datafield>
<datafield tag="260" ind1=" " ind2=" ">
<subfield code="c">2025</subfield>
</datafield>
<datafield tag="520" ind1=" " ind2=" ">
<subfield code="a">El canibalismo, uno de los grandes tabús de la humanidad, comenzó a ser plenamente&#xd;
aceptado como parte de nuestra Historia a finales del siglo XX. Sin embargo, no es&#xd;
sencillo dilucidar un caso de canibalismo, ni tampoco su motivación. Los casos&#xd;
encontrados en Europa son escasos, destacando en volumen la Península Ibérica. En este&#xd;
trabajo se van a repasar las evidencias estudiadas relativas a este fenómeno durante la&#xd;
Prehistoria reciente de la Península Ibérica.</subfield>
</datafield>
<datafield tag="520" ind1=" " ind2=" ">
<subfield code="a">Cannibalism, one of humanity's great taboos, began to be fully accepted as part of our&#xd;
History at the end of the 20th century. However, it is not easy to elucidate a case of&#xd;
cannibalism, nor its motivation. The cases found in Europe are scarce, with the Iberian&#xd;
Peninsula standing out in volume. In this work, the evidence studied related to this&#xd;
phenomenon during the recent Prehistory of the Iberian Peninsula will be reviewed.</subfield>
</datafield>
<datafield tag="024" ind2=" " ind1="8">
<subfield code="a">https://uvadoc.uva.es/handle/10324/79331</subfield>
</datafield>
<datafield tag="245" ind1="0" ind2="0">
<subfield code="a">Evidencias de canibalismo en la prehistoria reciente de la península ibérica</subfield>
</datafield>
</record></metadata></record></GetRecord></OAI-PMH>